000 00945nam a2200241 i 4500
001 187583
003 ES-MaACL
005 20250804161021.0
008 171130s2006 sp |||| |aspa d
020 _a84-7490-805-1
080 _a929 Benedicto XVI, Papa
100 0 _aBenedicto
_bXVI,
_cPapa
_9234934
245 1 0 _aMi vida
_b: [autobiografía] /
_cJoseph Ratzinger ; [traducción, Carlos d'Ors Führer ; prólogo de Antonio Mª Rouco Varela ; introducción de Angelo Scola].
260 _aMadrid :
_bEncuentro,
_c[2006]
300 _a188 p ;
_c19 cm.
600 0 7 _aBenedicto
_bXVI,
_cPapa
_2embne
_9234934
700 1 _aOrs Führer, Carlos d'.
_987369
700 1 _aRouco Varela, Antonio María.
_9100006
852 _aES-MaACL
_jA-14110
_9194669
_bR.151398
_cDEPO1
_dOlim: N-7110
_hDonación: Pilar Fernández Vera
903 _aFernández Vera, Pilar,
_d1961-
_ednr
_949420
942 _2udc
_cMONOGRAFIA
999 _c187583
_d187583